OECOLOGIA (Record no. 8091)

MARC details
000 -LEADER
fixed length control field 00364nam a2200133Ia 4500
022 ## - INTERNATIONAL STANDARD SERIAL NUMBER
ISSN 0029-8549
245 #0 - TITLE STATEMENT
Title OECOLOGIA
260 ## - PUBLICATION, DISTRIBUTION, ETC. (IMPRINT)
Name of publisher International Association for Ecology, Berlin
Place of publication Germany
310 ## - CURRENT PUBLICATION FREQUENCY
Current publication frequency 16y
500 ## - GENERAL NOTE
General note Ending Volume & Year: 70, 1986
500 ## - GENERAL NOTE
General note Starting Volume & Year: 41, 1979
942 ## - ADDED ENTRY ELEMENTS (KOHA)
Koha item type Bound Journal
Holdings
Withdrawn status Lost status Damaged status Not for loan Home library Current library Date acquired Accession Number Koha item type
      Bound journals RRII Library RRII Library 31/12/2021 08058J Bound Journal